| 000 | 00355nam a2200145Ia 4500 | ||
|---|---|---|---|
| 008 | 230917s9999||||xx |||||||||||||| ||und|| | ||
| 040 |
_e4998 _aMAIN |
||
| 041 | _aEnglish | ||
| 082 | _a547.1394 B193O | ||
| 100 | _aDauben, William G, ed. | ||
| 245 | 0 | _aOrganic reactions | |
| 260 |
_aNew York _bJohn Wiley _c1977 |
||
| 300 | _axxv, 490 p. | ||
| 942 | _cBK | ||
| 999 |
_c186359 _d186359 |
||